Análisis sociolingüístico de la[s] en el área metropolitana de San José /

Spremljeno u:
Bibliografski detalji
Glavni autor: Quesada Pacheco, Jorge Arturo
Format: Nepoznato
Jezik:Spanish
Teme:
Oznake: Dodaj oznaku
Bez oznaka, Budi prvi tko označuje ovaj zapis!

MARC

LEADER 000000000a22000000004500
001 009014
041 0 |a spa 
100 1 |a Quesada Pacheco, Jorge Arturo 
245 1 0 |a Análisis sociolingüístico de la[s] en el área metropolitana de San José /   |c Jorge Arturo Quesada Pacheco. 
310 |a semestral 
650 4 |a SOCIOLINGUISTICA 
773 0 |x 0377-628X  |d San José, Costa Rica : Editorial Universidad de Costa Rica  |t Revista de Filología y Lingüística de la Universidad de Costa Rica  |g volumen 14, número 2 (1988), páginas 167-172 
942 |c ARC 
999 |c 14949  |d 14949